Mesa - Lago y el desarrollo de América Latina: Costa Rica, Chile y Cuba en perspectiva histórica comparada /

Gespeichert in:
Bibliographische Detailangaben
1. Verfasser: Rovira Mas, Jorge
Format: Text
Schlagworte:
Tags: Tag hinzufügen
Keine Tags, Fügen Sie den ersten Tag hinzu!

MARC

LEADER 00000 a a2200000 04500
001 15310
003
040
100 |a Rovira Mas, Jorge  
245 |a Mesa - Lago y el desarrollo de América Latina:   |b Costa Rica, Chile y Cuba en perspectiva histórica comparada /  |c Jorge Rovira Mas 
650 |a RESEÑAS BIBLIOGRAFICAS  
650 |a ECONOMIA DE MERCADO  
650 |a ECONOMIA MIXTA  
650 |a SOCIALISMO  
650 |a DESARROLLO ECONOMICO Y SOCIAL  
773 |g número 98 (IV); páginas 155-159  
999 |c 28357  |d 28357 
773 0 |0 18728  |9 3039  |a Universidad de Costa Rica  |d San José, Costa Rica Editorial UCR 1956-  |o 17121  |t Revista de Ciencias Sociales/  |x 04825276